| 000 | 00826nam a2200193 a 4500 | ||
|---|---|---|---|
| 005 | 20140414131937.0 | ||
| 008 | 110124s19uu xx 00 eng d | ||
| 020 | _a9780316032551 | ||
| 050 |
_aTR _bM46 2007 |
||
| 100 | _aMeyer, Stephenie, 1973- | ||
| 245 |
_aEclipse/ _cStephenie Meyer. |
||
| 260 |
_aNew York : _bLittle, Brown and Co., _c2007. |
||
| 500 | _a *Strictly for G7 students and above use only. | ||
| 520 | _aBella must choose between her friendship with Jacob, a werewolf, and her relationship with Edward, a vampire, but when Seattle is ravaged by a mysterious string of killings, the three of them need to decide whether their personal lives are more important than the well-being of an entire city. | ||
| 650 | _aVampires | ||
| 650 | _aWerewolves | ||
| 650 | _aInterpersonal relations | ||
| 999 |
_c112495 _d112495 |
||